000 01152nam a22002777a 4500
001 TZ 0015
003 gtcocun
005 20250926185321.0
006 a||||gr|||| 00| 0
007 ta
008 250926b1998 gt ||||| m||| 00| 0 eng d
040 _agtcocun
_bSPA
_cgtcocun
_eRDA
041 _aSPA TZ 0015
084 _0TZ 0015
100 _aCorleto Green, César Leonel
_eAutor
245 _aEVALUACIÓN DE CUATRO SUSTRATOS EN LA PRODUCCIÓN DE LOMBRIZ CALIFORNIA (Eisenia foetida)./
_cCésar Leonel Corleto Green.
_hImpreso
264 _aCobán, Alta Verapaz:
_bUniversidad de San Carlos de Guatemala, Centro Universitario del Norte,
300 _a30 p.:
_bIlustraciones, gráficas.
_c28 cm;
502 _eTZ 0015
502 _aTesis de grado
_bZootecnia,
_cUniversidad de San Carlos de Guatemala, Centro Universitario del Norte, Zootecnia
_d1998
_oTZ 0015
650 1 4 _2LEMB
_aCobán, Alta Verapaz.
_xZootecnia
_xAgricultura
_xAvícola
_xBovinanza
_xEsquinaza
_xPsicultura
700 _eAsesor
856 _uSin archivo en línea.
_zSin archivo en línea.
942 _2ddc
_cTES
_iTZ 0015
_kClasificación
_n0
_6TZ_0015_000000000000000
999 _c2161
_d2161